ROBLOX Quiz - Statistics

General Stats
  • This quiz has been taken 194 times
  • The average score is 5 of 15
Answer Stats
Question Answer % Correct
The Most Trending Prison Game Jailbreak
69%
The March 18th Player John Doe
64%
Bonus: Alaska Backwards aksalA
59%
Friend of March 18th Player Jane Doe
51%
Co-Creator (Username) Builderman
48%
Creator of Natural Disaster Survival Stickmasterluke
48%
Bonus: Smallest Country Vatican City
36%
Creator (Real Name) David Bazucki
21%
sineD Denis
19%
Phantom Forces Creator (Group) Stylis Studios
15%
Most Famous Employee (Real Name) John Shedletsky
10%
Worst Current Hacker (Not 1x1) c00lkid
7%
Dollastic Dreams' Closest Friend (Real Name) Chad Alan
3%
Bonus: Euphoria is made buy: Calvin Klein
1%
Supposed "First Player" Jerry
1%
No matching quizzes found
Score Distribution
Percent of People with Each Score
Percentile by Number Answered
Your Score History
You have not taken this quiz